| 000 | 00611nam a22001817a 4500 | ||
|---|---|---|---|
| 003 | LC | ||
| 005 | 20160421155109.0 | ||
| 008 | 160421b xxu||||| |||| 00| 0 eng d | ||
| 020 | _a9789620425905 | ||
| 050 | _aLB 1577 .Y19 2006 | ||
| 100 | _aMa, Yamin | ||
| 245 |
_aChinese made easy 4 : _bsimplified characters version |
||
| 300 |
_a102 pages., _bcol.,ill., _c21 cm. |
||
| 650 | _aChinese language -- Conversation and phrase books -- English. | ||
| 650 | _aChinese language -- Textbooks for foreign language -- English. | ||
| 650 | _aChinese language -- Terms and phrases -- English. | ||
| 942 |
_2lcc _cBK |
||
| 999 |
_c293669 _d293669 |
||